Radiation biology and chemistry : research developments. Proceedings of the Asociation for radiation research, January 3-5, 1979,edited by...and others /

Guardado en:
Otros Autores: Edwards, Haydn E. (edición.)
Formato: Libro
Idioma:English
Publicado: Amsterdam : Elsevier, 1979.
Series:Studies in physical and theoretical chemistry, 6
Etiquetas: Agregar Etiqueta
Sin Etiquetas, Sea el primero en etiquetar este registro!
LEADER 00646nam a22001575a 4500
001 EUN.um026113
003 AR-BaUNS
005 20050623122903.0
008 041125s1979####ne#a##########000#0#eng#d
245 0 0 |a Radiation biology and chemistry :  |b research developments. Proceedings of the Asociation for radiation research, January 3-5, 1979,edited by...and others /  |c Haydn E. Edwards. 
260 |a Amsterdam :  |b Elsevier,  |c 1979. 
300 |a 505 p. :  |b ilus. ;  |c 24,5 cm. . 
490 0 |a Studies in physical and theoretical chemistry, 6 
700 1 |a Edwards, Haydn E.  |e edición. 
082 0 4 |a 574.191 
859 |a Ar-BaUNS  |b BIB. CENTRAL - Sector C  |h 574.191  |i Ed96  |p 88921/982